| 000 | 00590nam a22001932 4500 | ||
|---|---|---|---|
| 001 | 0000009842 | ||
| 005 | 20151217152059.0 | ||
| 008 | 081203s xx 000 0 eng d | ||
| 040 |
_aKABU _cKABU |
||
| 100 | 1 |
_aBuxton, Thomas Fowell. _@0000161613 |
|
| 245 | 1 | 0 |
_aMemoirs of Sir Thomas Fowell Buxton / _cedited by Charles Buxton. |
| 250 | _a1st ed. | ||
| 260 |
_aLondon : _bJ. M. Dent, _c1849. |
||
| 300 | _axlvii, 272 p. | ||
| 600 | 1 | 0 |
_aBuxton, Thomas Fowell, Sir, 1785-1845. _@0000161614 |
| 852 | 1 | _9p200 KES | |
| 908 | _a081203 | ||
| 950 | _@1 | ||
| 999 |
_c8017 _d8017 |
||